| 000 | 00599nam a2200181Ia 4500 | ||
|---|---|---|---|
| 003 | OSt | ||
| 005 | 20240412094929.0 | ||
| 008 | 210210b1967 xxu||||| |||| 00| 0 eng d | ||
| 040 | _cAL | ||
| 041 | _aKannada | ||
| 082 | _a852/377 | ||
| 100 |
_aBASAVARADHYA (EN) ಬಸವಾರಾಧ್ಯ (ಎನ್ ) _985326 |
||
| 245 |
_aKannada Gadya Vikasa: 450-1900 kri sha _bಕನ್ನಡ ಗದ್ಯ ವಿಕಾಸ : ಕ್ರಿ .ಶ. ೪೫೦ - ೧೯೦೦ |
||
| 260 |
_aBengaluru _bPrachyakavya Prakasha Mandira _c1961 |
||
| 690 |
_aKannada Prose _985327 |
||
| 906 | _a018946 | ||
| 942 |
_2ddc _cBK |
||
| 999 |
_c142954 _d142954 |
||